000 00253nam a2200109Ia 4500
008 200302s9999 xx 000 0 und d
100 _aJ Tart
245 _aWorld Architecture 14 Art Museum
260 _bJ Tart Publishing
260 _c2014
300 _a265
999 _c6428
_d6428